<?xml version="1.0" encoding="UTF-8"?><?xml-stylesheet type="text/xsl" href="static/style.xsl"?><OAI-PMH xmlns="http://www.openarchives.org/OAI/2.0/" xmlns:xsi="http://www.w3.org/2001/XMLSchema-instance" xsi:schemaLocation="http://www.openarchives.org/OAI/2.0/ http://www.openarchives.org/OAI/2.0/OAI-PMH.xsd"><responseDate>2026-06-29T02:43:38Z</responseDate><request verb="GetRecord" identifier="oai:docta.ucm.es:20.500.14352/132951" metadataPrefix="marc">https://docta.ucm.es/rest/oai/request</request><GetRecord><record><header><identifier>oai:docta.ucm.es:20.500.14352/132951</identifier><datestamp>2026-02-24T00:58:51Z</datestamp><setSpec>com_20.500.14352_14</setSpec><setSpec>col_20.500.14352_15</setSpec></header><metadata><record xmlns="http://www.loc.gov/MARC21/slim" xmlns:dcterms="http://purl.org/dc/terms/" xmlns:xsi="http://www.w3.org/2001/XMLSchema-instance" xmlns:doc="http://www.lyncode.com/xoai" xsi:schemaLocation="http://www.loc.gov/MARC21/slim http://www.loc.gov/standards/marcxml/schema/MARC21slim.xsd">
   <leader>00925njm 22002777a 4500</leader>
   <datafield ind2=" " ind1=" " tag="042">
      <subfield code="a">dc</subfield>
   </datafield>
   <datafield ind2=" " ind1=" " tag="720">
      <subfield code="a">Ortiz Chiliquinga, Alicia</subfield>
      <subfield code="e">author</subfield>
   </datafield>
   <datafield ind2=" " ind1=" " tag="720">
      <subfield code="a">Pérez Calabuig, Ana M.</subfield>
      <subfield code="e">author</subfield>
   </datafield>
   <datafield ind2=" " ind1=" " tag="720">
      <subfield code="a">Pradana López, Sandra</subfield>
      <subfield code="e">author</subfield>
   </datafield>
   <datafield ind2=" " ind1=" " tag="720">
      <subfield code="a">Cancilla, John C.</subfield>
      <subfield code="e">author</subfield>
   </datafield>
   <datafield ind2=" " ind1=" " tag="720">
      <subfield code="a">Torrecilla Velasco, José Santiago</subfield>
      <subfield code="e">author</subfield>
   </datafield>
   <datafield ind2=" " ind1=" " tag="260">
      <subfield code="c">2026-01</subfield>
   </datafield>
   <datafield ind2=" " ind1=" " tag="520">
      <subfield code="a">A non-destructive, fast, inexpensive, and accurate technique was developed to detect and semiquantify melamine in powdered milk using a combination of infrared thermography and convolutional neural networks, specifically the ResNet34 architecture. Three types of powdered milk were mixed with varying melamine concentrations (0.5–10 ppm), each prepared in triplicate to ensure reproducibility. After heating, nearly 28,500 thermographic images were collected during the cooling process. Ninety percent of the dataset was used for training and internal validation of the convolutional neural networks, while the remaining 10 % was reserved for blind testing. The resulting algorithm classified thermographic images by milk type and melamine concentration with an overall accuracy exceeding 98 %. This performance highlights the potential of the proposed method as a reliable tool for detecting food fraud and ensuring dairy product quality, with an empirical detection limit of 0.5 ppm, well below the regulatory threshold for infant milk formulas.</subfield>
   </datafield>
   <datafield ind1="8" ind2=" " tag="024">
      <subfield code="a">Ortiz-Chiliquinga, Alicia, et al. «Intelligent Thermography for Detecting Melamine Adulteration in Powdered Milk». Food Control, vol. 179, enero de 2026, p. 111575. DOI.org (Crossref), https://doi.org/10.1016/j.foodcont.2025.111575.</subfield>
   </datafield>
   <datafield ind1="8" ind2=" " tag="024">
      <subfield code="a">https://doi.org/10.1016/j.foodcont.2025.111575</subfield>
   </datafield>
   <datafield ind1="8" ind2=" " tag="024">
      <subfield code="a">https://hdl.handle.net/20.500.14352/132951</subfield>
   </datafield>
   <datafield ind1="8" ind2=" " tag="024">
      <subfield code="a">https://doi.org/10.1016/j.foodcont.2025.111575</subfield>
   </datafield>
   <datafield ind2="0" ind1="0" tag="245">
      <subfield code="a">Intelligent thermography for detecting melamine adulteration in powdered milk</subfield>
   </datafield>
</record></metadata></record></GetRecord></OAI-PMH>